Physics : (Record no. 172149)

MARC details
000 -LEADER
fixed length control field 00833nam a22002417a 4500
003 - CONTROL NUMBER IDENTIFIER
control field OSt
005 - DATE AND TIME OF LATEST TRANSACTION
control field 20250701100136.0
008 - FIXED-LENGTH DATA ELEMENTS--GENERAL INFORMATION
fixed length control field 250701b |||||||| |||| 00| 0 eng d
020 ## - INTERNATIONAL STANDARD BOOK NUMBER
International Standard Book Number 9798985147049 (paperback)
040 ## - CATALOGING SOURCE
Original cataloging agency NUST
Language of cataloging eng
Transcribing agency NUST
Modifying agency NUST
Description conventions rda
050 ## - LIBRARY OF CONGRESS CALL NUMBER
Classification number BD312 SMI
100 ## - MAIN ENTRY--PERSONAL NAME
Personal name Smith, Wolfgang
Relator term Author
245 ## - TITLE STATEMENT
Title Physics :
Remainder of title A science in quest of an ontology /
Statement of responsibility, etc. wolfgangn Smith
260 ## - PUBLICATION, DISTRIBUTION, ETC.
Place of publication, distribution, etc. [ ]
Name of publisher, distributor, etc. Philos-sophia initiative Foundation,
Date of publication, distribution, etc. ©2022.
300 ## - PHYSICAL DESCRIPTION
Extent xi, 100 pages
Dimensions 22 cm.
336 ## - CONTENT TYPE
Source rdamedia
Content type term text
Content type code txt
337 ## - MEDIA TYPE
Source rdamedia
Media type term unmediated
Media type code n
338 ## - CARRIER TYPE
Source rdamedia
Carrier type term volume
Carrier type code nc
504 ## - BIBLIOGRAPHY, ETC. NOTE
Bibliography, etc. note Includes index of names.
650 ## - SUBJECT ADDED ENTRY--TOPICAL TERM
Form subdivision Philosophy & psychology Metaphysics Ontology.
650 ## - SUBJECT ADDED ENTRY--TOPICAL TERM
Form subdivision Philosophy, Psychology and Religion.
942 ## - ADDED ENTRY ELEMENTS (KOHA)
Source of classification or shelving scheme Library of Congress Classification
Koha item type Ordinary Loan Books
Classification part BD312 SMI
Call number prefix BD
Call number suffix SMI
Suppress in OPAC No
Holdings
Withdrawn status Lost status Source of classification or shelving scheme Damaged status Not for loan Collection Home library Current library Shelving location Date acquired Source of acquisition Cost, normal purchase price Total Checkouts Full call number Barcode Date last seen Accession number Cost, replacement price Price effective from Koha item type Public note
    LCC     NFIC MAIN MAIN GEN 07/01/2025 Book Aid International 25.00   BD312 SMI 92004054168 07/01/2025 61837 25.00 07/01/2025 BOOKS Donation